[Event "Charleroi op"]
[Site "Charleroi"]
[Date "2012.07.29"]
[Round "2"]
[White "Noiroux, Kevin"]
[Black "Majewski, Philippe"]
[Result "1-0"]
[WhiteElo "2154"]
[BlackElo "1871"]
[PlyCount "149"]
[EventDate "2012.07.28"]
[EventType "swiss"]
[EventRounds "9"]
[EventCountry "BEL"]
[SourceTitle "CBM 149 Extra"]
[Source "ChessBase"]
[SourceDate "2012.08.24"]
[SourceVersion "1"]
[SourceVersionDate "2012.08.24"]
[SourceQuality "1"]

1. d4 Nf6 2. Nf3 d5 3. c3 c6 4. Bf4 Bg4 5. Ne5 Nbd7 6. Nxg4 Nxg4 7. e4 Ngf6 8. e5 Ng8 9. c4 e6 10. b3 Ne7 11. Be2 Ng6 12. Bg3 Bb4+ 13. Kf1 Be7 14. Bg4 dxc4 15. bxc4 Nb6 16. h4 Nxc4 17. h5 Nf8 18. Nc3 Nd7 19. h6 g6 20. Ne4 b5 21. Bf3 Rc8 22. Nd6+ Bxd6 23. exd6 Ndb6 24. Qe1 Nd5 25. Be5 0-0 26. Bg7 Re8 27. d7 Qxd7 28. Kg1 Qe7 29. a4 a5 30. Be2 Ndb6 31. Qb1 b4 32. Qc2 Na3 33. Qb3 c5 34. dxc5 Rxc5 35. Rxa3 Rc1+ 36. Bf1 bxa3 37. Qxb6 a2 38. Qxa5 a1Q 39. Bxa1 Rxa1 40. Qe5 Rxf1+ 41. Kxf1 f6 42. Qb5 Rd8 43. g3 g5 44. Kg2 Qd6 45. Rb1 Kf7 46. Qb7+ Qd7 47. Qe4 Qd5 48. Rb7+ Kg8 49. Rg7+ Kh8 50. Rxh7+ Kg8 51. Rg7+ Kh8 52. Qxd5 exd5 53. Kf3 d4 54. Ke2 Ra8 55. Rf7 Ra6 56. Kd3 Kg8 57. h7+ Kh8 58. Kxd4 g4 59. Ke3 Rxa4 60. Rxf6 Kxh7 61. Rf4 Ra3+ 62. Ke2 Ra2+ 63. Kf1 Kg6 64. Rxg4+ Kf5 65. Rf4+ Kg5 66. Kg2 Ra1 67. Rb4 Ra2 68. g4 Ra3 69. f3 Kh4 70. Kf2 Ra2+ 71. Ke3 Kg3 72. g5 Ra3+ 73. Ke4 Rxf3 74. Ke5 Ra3 75. g6 1-0